| 000 | 00787nam0a22002531 4500 | ||
|---|---|---|---|
| 001 | rc\1045463 | ||
| 005 | 20250622091320.0 | ||
| 035 | _a(NLR Aleph) 006207699 | ||
| 090 |
_a6335018 _c6335018 |
||
| 100 | _a20041129d1981 |||y0rusy50 ca | ||
| 101 | 0 | _arus | |
| 102 | _aRU | ||
| 105 | _ay ||||||||| | ||
| 200 | 1 |
_aСпортивные звезды Африки _e[Пер. с англ.] |
|
| 210 |
_aМ. _cФизкультура и спорт _d1981 |
||
| 215 |
_a104 с. _d20 |
||
| 225 | 1 | _aЗвезды зарубежного спорта | |
| 300 | _aПеревод изд.: African sport stars / Bobby Naidoo (London, 1977) | ||
| 700 | 1 |
_aНайду _bБ. _gБобби |
|
| 801 | 0 |
_aRU _bNLR _gpsbo |
|
| 801 | 1 |
_aRU _bELAR _2rusmarc |
|
| 852 |
_aNLR _j81-3/4786 |
||
| 942 | _cBOOK | ||
| 980 | _aNB | ||